| 000 | 00563cam a2200193 4500 | ||
|---|---|---|---|
| 001 | BIIH003378 | ||
| 008 | 1991 spa | ||
| 020 | _a968-496-183-9 | ||
| 035 | _aBIIH003378 | ||
| 050 | 4 |
_aHD7287 _bB39 1991 |
|
| 100 | 1 | _aBazan, Lucia | |
| 245 | 0 |
_aVivienda para los obreros : reproduccion de Clase y condiciones urbanas/ _cLucia Bazan. |
|
| 260 |
_aMéxico : _bCIESAS, _c1991 |
||
| 300 |
_a126 p. ; _c21 cm. |
||
| 440 | 0 | _aMiguel Othon de Mendizabal | |
| 500 | _a2 ejemplares | ||
| 650 | 4 | _aTrabajo y trabajadores | |
| 942 |
_2lcc _cLIB |
||
| 999 |
_c67037 _d67037 |
||